عرض عادي
عرض مارك
- إبراهيم، السعيد مبروك
مدخل إسم شخص
001 - رقم الضبط
- حقل الضبط: 14727
003 - معرف رقم الضبط
- حقل الضبط: OSt
005 - تاريخ ووقت أخر عملية
- حقل الضبط: 20120523101544.0
008 - عناصر بيانات ثابتة الطول
- حقل تحكم ثابت الطول: 120523|||a|||||| | ||| d
040 ## - مصدر الفهرسة
- هيئة الفهرسة الأصلية: OSt
- وكالة الكتابة: OSt
100 ## - مدخل -- أسم شخص
- إسم شخص: إبراهيم، السعيد مبروك
670 ## - بيانات المصدر موجوده
- الاستشهاد بالمصدر: Work cat.: (OSt): إبراهيم، السعيد مبروك, المكتبات الإلكترونية =, 2012
